000 00484nam a2200121Ia 4500
008 171212s9999 xx 000 0 und d
020 _a9781921862328
245 _ceditor Lal, Brij V.
_aA Vision for Change: Speeches and Writings of AD Patel, 1929-1969
260 _bANU E Press
_c2011
650 _aHistory
650 _aPatel, A. D. (Ambalal Dahyabhai), 1905-1969; Fiji -- Politics and government -- 20th century; Fiji -- History
856 _uwww.jstor.org/stable/10.2307/j.ctt24h7qm
999 _c350978
_d350978